LEADER 01559cas 2200493 450 001 990001028170203316 005 20110511131353.0 011 $a0264-9373 035 $a0102817 035 $aUSA010102817 035 $a(ALEPH)000102817USA01 035 $a0102817 100 $a20020312d--------km-y0itay0103----ba 101 $aeng 102 $aGB 110 $aaia-------- 200 1 $a<> British journal of sports history 207 $aVolume 1, no 1 (May 1984)-volume 3, no.3 (December 1986) 210 $aLondon$cFrank Cass 215 $a3 v.$d22 cm 300 $aTit. della cop. 326 $aQuadrimestrale 410 $12001 421 1$1001-------$12001 440 1$10010103579$12001$aThe international journal of the history of sport 606 0 $aSport$xStoria$xPeriodici 676 $a796.09 801 0$aIT$bsalbc$gISBD 912 $a990001028170203316 958 $aLM$bFONDO$cVolume 1, no. 1 (1984)-volume 3, no.3 (1996); 959 $aSE 969 $aUMA 979 $aPATTY$b90$c20020312$lUSA01$h1322 979 $aPATTY$b90$c20020315$lUSA01$h1356 979 $aPATTY$b90$c20020315$lUSA01$h1359 979 $aPATTY$b90$c20020318$lUSA01$h1732 979 $aPATTY$b90$c20020325$lUSA01$h1730 979 $c20020403$lUSA01$h1743 979 $aPATRY$b90$c20040406$lUSA01$h1711 979 $aVITTORIANA$b90$c20110511$lUSA01$h1245 979 $aPARLAVECCH$b90$c20110511$lUSA01$h1313 979 $aPARLAVECCH$b90$c20110511$lUSA01$h1313 996 $aBritish journal of sports history$9977459 997 $aUNISA LEADER 01067nam a22002653i 4500 001 991001419429707536 005 20030122161539.0 008 021230s1973 it |||||||||||||||||ita 035 $ab12144484-39ule_inst 035 $aARCHE-023428$9ExL 040 $aDip.to Filologia Ling. e Lett.$bita$cA.t.i. Arché s.c.r.l. Pandora Sicilia s.r.l. 082 04$a780.92 100 1 $aWagner, Richard$d<1813-1883>$0143293 245 13$aLa mia vita /$cRichard Wagner ; a cura di Massimo Mila 260 $aTorino :$bUTET,$c1973 300 $a2 v. (904 p. compless.) ;$c20 cm 650 4$aWagner, Richard 700 1 $aMila, Massimo 907 $a.b12144484$b02-04-14$c01-04-03 912 $a991001419429707536 945 $aLE008 L.L.I. Mus A VI 36$cV. 1$g1$i2008000467906$lle008$o-$pE0.00$q-$rl$s- $t0$u0$v0$w0$x0$y.i12470831$z01-04-03 945 $aLE008 L.L.I. Mus A VI 36a$cV. 2$g1$i2008000467876$lle008$o-$pE0.00$q-$rl$s- $t0$u0$v0$w0$x0$y.i12470843$z01-04-03 996 $aMia vita$9149150 997 $aUNISALENTO 998 $ale008$b01-04-03$cm$da $e-$fita$git $h3$i2 LEADER 01008nam a2200301 i 4500 001 991001026619707536 005 20020507105308.0 008 970307s1971 us ||| | eng 035 $ab10163293-39ule_inst 035 $aLE00640940$9ExL 040 $aDip.to Fisica$bita 084 $a510(022:076) 084 $a510.60 084 $a519.5 084 $aQA276 100 1 $aHoel, Paul G.$028723 245 10$aIntroduction to statistical theory /$cP. Hoel, S. Port and C. Stone 260 $aBoston :$bHoughton Mifflin Company,$c1971 300 $a237 p. :$bill. ;$c24 cm. 650 4$aMathematical statistics 700 1 $aPort, Sidney C. 700 1 $aStone, Charles J. 907 $a.b10163293$b21-09-06$c27-06-02 912 $a991001026619707536 945 $aLE006 510.60 HOE$g1$i2006000023122$lle006$o-$pE0.00$q-$rl$s- $t0$u0$v0$w0$x0$y.i10197825$z27-06-02 996 $aIntroduction to statistical theory$9188823 997 $aUNISALENTO 998 $ale006$b01-01-97$cm$da $e-$feng$gus $h0$i1